[Event "37. Copenhagen Open (Politiken Cup)"]
[Site "Elsinore"]
[Date "2015.07.30"]
[Round "7"]
[White "Sorensen, John K"]
[Black "Sparvang, Johnny"]
[Result "1-0"]
[WhiteElo "1792"]
[BlackElo "1619"]
[PlyCount "70"]
[EventDate "2015.07.25"]
[EventType "swiss"]
[EventRounds "10"]
[EventCountry "DEN"]
[Source "ChessBase"]
[SourceDate "2015.09.14"]

1. d4 g6 2. c4 d6 3. Nc3 Bg7 4. e4 Nd7 5. f4 e5 6. fxe5 dxe5 7. d5 Ne7 8. Bg5
O-O 9. Bd3 Bf6 10. Be3 Bg7 11. Nf3 f5 12. O-O b6 13. b4 a5 14. a3 Nf6 15. Qc2
Ng4 16. Bd2 fxe4 17. Nxe4 Nf5 18. Rae1 Nd4 19. Nxd4 Rxf1+ 20. Rxf1 exd4 21. Bg5
Qe8 22. Qe2 Bf5 23. Re1 axb4 24. axb4 Qa4 25. b5 Qa1 26. Nd2 Qb2 27. Bxf5 gxf5
28. Qe6+ Kh8 29. h3 Ne3 30. Bxe3 dxe3 31. Nf3 Qf2+ 32. Kh1 Bc3 33. Rxe3 Rg8 34.
Re2 Qf1+ 35. Kh2 Qa1 1-0

[Event "37. Copenhagen Open (Politiken Cup)"]
[Site "Elsinore"]
[Date "2015.07.30"]
[Round "7"]
[White "Steenstrup, Svend"]
[Black "Howell, Alun"]
[Result "1-0"]
[WhiteElo "1914"]
[BlackElo "1732"]
[PlyCount "31"]
[EventDate "2015.07.25"]
[EventType "swiss"]
[EventRounds "10"]
[EventCountry "DEN"]
[Source "ChessBase"]
[SourceDate "2015.09.14"]

1. e4 c5 2. Nf3 d6 3. d4 cxd4 4. Nxd4 Nf6 5. Nc3 a6 6. Bg5 e6 7. f4 Be7 8. Qf3
Qc7 9. O-O-O b5 10. e5 Bb7 11. Bxb5+ Nbd7 12. Bc6 Bxc6 13. Nxc6 dxe5 14. fxe5
Nd5 15. Nxe7 Nxe7 16. Qxa8+ 1-0

[Event "37. Copenhagen Open (Politiken Cup)"]
[Site "Elsinore"]
[Date "2015.07.30"]
[Round "7"]
[White "Stojanovski, Sandi"]
[Black "Tan, Justin2"]
[Result "0-1"]
[WhiteElo "2192"]
[BlackElo "2417"]
[PlyCount "102"]
[EventDate "2015.07.25"]
[EventType "swiss"]
[EventRounds "10"]
[EventCountry "DEN"]
[Source "ChessBase"]
[SourceDate "2015.09.14"]

1. d4 d5 2. c4 c6 3. Nf3 Nf6 4. e3 Bg4 5. Nbd2 e6 6. Bd3 Nbd7 7. Qc2 Bd6 8. b3
O-O 9. Bb2 Qb8 10. O-O a5 11. h3 Bh5 12. Ng5 h6 13. Nh7 Nxh7 14. Bxh7+ Kh8 15.
Bd3 f5 16. f4 g5 17. fxg5 hxg5 18. e4 fxe4 19. Nxe4 dxe4 20. Bxe4 Kg7 21. d5+
Be5 22. g4 Bg6 23. Bxg6 Bxb2 24. Qxb2+ Kxg6 25. dxe6 Qg3+ 26. Qg2 Rxf1+ 27.
Rxf1 Qxg2+ 28. Kxg2 Nc5 29. e7 Ne6 30. Rf5 b6 31. Kg3 Re8 32. h4 gxh4+ 33. Kxh4
Rxe7 34. Rf2 Ng5 35. Rf5 Ne4 36. Kh3 Nf6 37. Rf3 Re4 38. Rd3 Re6 39. c5 Ne4 40.
Rd8 Nxc5 41. Rb8 Nd7 42. Rb7 Rd6 43. Kg3 c5 44. Kf4 Rd4+ 45. Ke3 Kg5 46. a3 Rd6
47. Rc7 Kxg4 48. b4 axb4 49. axb4 cxb4 50. Rc4+ Kf5 51. Rxb4 Ke5 0-1

[Event "37. Copenhagen Open (Politiken Cup)"]
[Site "Elsinore"]
[Date "2015.07.30"]
[Round "7"]
[White "Strachan, Christian C"]
[Black "Ivarsson, Torbjorn"]
[Result "0-1"]
[WhiteElo "1884"]
[BlackElo "2100"]
[PlyCount "82"]
[EventDate "2015.07.25"]
[EventType "swiss"]
[EventRounds "10"]
[EventCountry "DEN"]
[Source "ChessBase"]
[SourceDate "2015.09.14"]

1. e4 c5 2. c3 d5 3. exd5 Qxd5 4. d4 Nf6 5. Nf3 e6 6. Be2 Nc6 7. Na3 Qd8 8. Nc2
Be7 9. O-O O-O 10. Bf4 b6 11. Ne5 Bb7 12. Bf3 Qc8 13. Qe2 Rd8 14. Rfd1 cxd4 15.
Nxc6 Bxc6 16. Bxc6 Qxc6 17. Nxd4 Qb7 18. Rd2 Rd7 19. Rad1 Rad8 20. a3 a6 21. f3
b5 22. Be3 Nd5 23. Bf2 Bc5 24. g3 Nb6 25. Nb3 Bxf2+ 26. Qxf2 Nc4 27. Rxd7 Rxd7
28. Rd4 Rxd4 29. Qxd4 h6 30. Kf2 Nxb2 31. Nd2 Qc7 32. Ke2 e5 33. Qb4 Nc4 34.
Ne4 f5 35. Nc5 Qd6 36. Nd3 Qd5 37. Qe7 e4 38. fxe4 fxe4 39. Nf4 Qd2+ 40. Kf1
Ne3+ 41. Kg1 Qe1# 0-1

[Event "37. Copenhagen Open (Politiken Cup)"]
[Site "Elsinore"]
[Date "2015.07.30"]
[Round "7"]
[White "Strand, Kjetil"]
[Black "Bjornes, Leif"]
[Result "0-1"]
[WhiteElo "2035"]
[BlackElo "1867"]
[PlyCount "102"]
[EventDate "2015.07.25"]
[EventType "swiss"]
[EventRounds "10"]
[EventCountry "DEN"]
[Source "ChessBase"]
[SourceDate "2015.09.14"]

1. e4 c6 2. d4 d5 3. exd5 cxd5 4. c4 Nf6 5. Nc3 g6 6. cxd5 Nxd5 7. Qb3 e6 8.
Nf3 Bg7 9. Bg5 Qa5 10. Bc4 Nb6 11. Bb5+ Bd7 12. Bd2 O-O 13. a4 Nc8 14. Rc1 Qd8
15. O-O Nc6 16. Bg5 Qb6 17. Be3 Qd8 18. Rfd1 Na5 19. Qb4 Nc6 20. Qb3 a6 21. Be2
N8e7 22. d5 exd5 23. Nxd5 Nxd5 24. Qxd5 Be6 25. Qe4 Qa5 26. h3 Rfd8 27. Qc2 Bf5
28. Qb3 Qb4 29. Qxb4 Nxb4 30. Rc7 Rxd1+ 31. Bxd1 b5 32. Bb3 Be6 33. Bxe6 fxe6
34. axb5 axb5 35. Nd4 Ra1+ 36. Bc1 Bxd4 37. Rc8+ Kf7 38. Kh2 Nd3 39. Bg5 Be5+
40. g3 Nxf2 41. Rc5 Bxg3+ 42. Kg2 Ne4 43. Rxb5 Nxg5 44. Rxg5 Bf4 45. Rb5 h5 46.
Rb7+ Kf6 47. h4 Ra8 48. Kf3 Rb8 49. Rxb8 Bxb8 50. b4 Kf5 51. b5 Bc7 0-1

[Event "37. Copenhagen Open (Politiken Cup)"]
[Site "Elsinore"]
[Date "2015.07.30"]
[Round "7"]
[White "Stray, Gunnar"]
[Black "Satre, Roger"]
[Result "1-0"]
[WhiteElo "2075"]
[BlackElo "1900"]
[PlyCount "145"]
[EventDate "2015.07.25"]
[EventType "swiss"]
[EventRounds "10"]
[EventCountry "DEN"]
[Source "ChessBase"]
[SourceDate "2015.09.14"]

1. d4 e6 2. Nf3 d5 3. e3 c5 4. b3 cxd4 5. exd4 Nf6 6. Bd3 Nc6 7. O-O g6 8. Re1
Bg7 9. Bb2 O-O 10. a3 a6 11. Nc3 b5 12. Ne2 e5 13. Nxe5 Nxe5 14. dxe5 Ng4 15.
h3 Nxe5 16. Nd4 Nxd3 17. Qxd3 Bb7 18. Rad1 Re8 19. b4 Rc8 20. c3 Qc7 21. Bc1
Qc4 22. Qxc4 dxc4 23. Rxe8+ Rxe8 24. Be3 Be4 25. Rd2 Bd3 26. a4 Bxd4 27. Bxd4
Re1+ 28. Kh2 Ra1 29. a5 f5 30. h4 Kf7 31. f3 Re1 32. Kg3 h6 33. Kf4 Rh1 34. g3
Rf1 35. g4 fxg4 36. Kxg4 Re1 37. Kf4 Rh1 38. Kg3 Re1 39. Rh2 Re6 40. h5 Re1 41.
hxg6+ Kxg6 42. Kf4 Re2 43. Rh1 Rg2 44. Re1 Be2 45. Ke4 h5 46. Be3 Bd3+ 47. Kf4
Be2 48. Rh1 Rg5 49. Ke4 Rg3 50. Rg1 Bxf3+ 51. Kf4 Rxg1 52. Bxg1 Bb7 53. Bd4 Bc8
54. Bf2 Kf6 55. Bh4+ Kg6 56. Ke5 Bh3 57. Bd8 Bg4 58. Kd6 Kf5 59. Kc6 Kf4 60.
Kb7 Kg3 61. Kxa6 Bd7 62. Kb7 h4 63. a6 h3 64. a7 Bf5 65. a8=Q Be4+ 66. Ka7 Bxa8
67. Kxa8 h2 68. Bc7+ Kg2 69. Bxh2 Kxh2 70. Kb7 Kg3 71. Kc6 Kf3 72. Kxb5 Ke4 73.
Kxc4 1-0

[Event "37. Copenhagen Open (Politiken Cup)"]
[Site "Elsinore"]
[Date "2015.07.30"]
[Round "7"]
[White "Stuhr, Peter Sebastian"]
[Black "Mozelius, Peter"]
[Result "1/2-1/2"]
[WhiteElo "1999"]
[BlackElo "1825"]
[PlyCount "188"]
[EventDate "2015.07.25"]
[EventType "swiss"]
[EventRounds "10"]
[EventCountry "DEN"]
[Source "ChessBase"]
[SourceDate "2015.09.14"]

1. e4 g6 2. Nc3 Bg7 3. f4 d6 4. Bc4 e6 5. Nf3 a6 6. O-O b5 7. Bb3 c5 8. d3 Ne7
9. Qe1 O-O 10. f5 exf5 11. Qh4 c4 12. dxc4 b4 13. Nd5 Nxd5 14. Qxd8 Rxd8 15.
exd5 Nd7 16. a3 bxa3 17. Rxa3 Nc5 18. Ba2 Rb8 19. c3 Nd3 20. b4 Re8 21. Rd1
Nxc1 22. Rxc1 h6 23. Kf2 Re7 24. Rb3 Bb7 25. Nd4 Rbe8 26. Rb2 h5 27. c5 Re4 28.
Ne2 Bh6 29. Rcc2 Rd8 30. c6 Bc8 31. c4 Be3+ 32. Kf1 f4 33. Nc3 Re7 34. Bb1 Rde8
35. Re2 Bg4 36. Re1 f3 37. c5 fxg2+ 38. Kxg2 dxc5 39. d6 Re5 40. d7 Rf8 41. Nd5
Rxd5 42. Rxe3 cxb4 43. Rxb4 Bxd7 44. cxd7 Rxd7 45. Rb6 a5 46. Ra6 Rd5 47. Kf3
Kg7 48. Re7 Rg5 49. Bd3 Kg8 50. Rf6 Kg7 51. Rf4 Rc5 52. Bc4 g5 53. Rfxf7+ Rxf7+
54. Rxf7+ Kg6 55. Be6 Rc6 56. Re7 Kf6 57. Bd7 Rd6 58. Rh7 g4+ 59. Kf4 Rd2 60.
Rh6+ Kg7 61. Rxh5 Rxd7 62. Rxa5 Rd2 63. Rh5 Rd4+ 64. Kg3 Kg6 65. Ra5 Rc4 66.
Kh4 Rc2 67. Kg3 Rc4 68. Ra3 Rb4 69. Rd3 Ra4 70. Rd2 Rb4 71. Kh4 Rc4 72. Rf2 Rd4
73. Rf1 Kg7 74. Rf5 Kh6 75. Rf6+ Kg7 76. Ra6 Kh7 77. Kg5 Kg8 78. Kg6 Kf8 79.
Ra8+ Ke7 80. Rh8 Ra4 81. Kg5 Kf7 82. Rh7+ Ke6 83. Rh4 Kf7 84. Kh6 Ra2 85. Kg5
Ra4 86. Rh7+ Kg8 87. Rb7 Ra2 88. Kg6 Ra6+ 89. Kf5 Ra4 90. Rb6 Ra2 91. Rh6 Ra4
92. Rh4 Ra7 93. h3 Ra5+ 94. Kxg4 Ra4+ 1/2-1/2

[Event "37. Copenhagen Open (Politiken Cup)"]
[Site "Elsinore"]
[Date "2015.07.30"]
[Round "7"]
[White "Svendsen, Peter"]
[Black "Petersen, Rasmus"]
[Result "1-0"]
[WhiteElo "1969"]
[BlackElo "1727"]
[PlyCount "77"]
[EventDate "2015.07.25"]
[EventType "swiss"]
[EventRounds "10"]
[EventCountry "DEN"]
[Source "ChessBase"]
[SourceDate "2015.09.14"]

1. d4 Nf6 2. c4 e6 3. Nf3 b6 4. g3 Bb7 5. Bg2 Bb4+ 6. Bd2 Be7 7. Nc3 O-O 8. O-O
d6 9. Qc2 Nbd7 10. Rad1 c5 11. d5 exd5 12. Nh4 Ne4 13. Nf5 Ndf6 14. cxd5 Nxd2
15. Qxd2 Re8 16. Qg5 g6 17. e4 Nxd5 18. Nxe7+ Qxe7 19. Qxe7 Nxe7 20. Rxd6 Bc6
21. Rfd1 b5 22. e5 Bxg2 23. Kxg2 Nf5 24. R6d5 b4 25. Ne4 Rec8 26. Rxc5 Rxc5 27.
Nxc5 Rc8 28. Ne4 Rc2 29. Rd2 Rxd2 30. Nxd2 Kf8 31. Kf3 Ke7 32. Ke4 Ke6 33. Nf3
h6 34. g4 Ne7 35. Nd4+ Kd7 36. f4 Nc6 37. Nxc6 Kxc6 38. Kd4 a5 39. b3 1-0

[Event "37. Copenhagen Open (Politiken Cup)"]
[Site "Elsinore"]
[Date "2015.07.30"]
[Round "7"]
[White "Taksrud, Vidar"]
[Black "Hartung Nielsen, Jens"]
[Result "1/2-1/2"]
[WhiteElo "2048"]
[BlackElo "2212"]
[PlyCount "113"]
[EventDate "2015.07.25"]
[EventType "swiss"]
[EventRounds "10"]
[EventCountry "DEN"]
[Source "ChessBase"]
[SourceDate "2015.09.14"]

1. Nf3 c5 2. c4 e6 3. g3 d5 4. cxd5 exd5 5. d4 Nc6 6. Nc3 Nf6 7. Bg2 Be7 8. O-O
O-O 9. h3 Re8 10. dxc5 Bxc5 11. Bf4 d4 12. Na4 Bf8 13. Rc1 Be6 14. a3 Bd5 15.
b4 b5 16. Nc5 Bc4 17. Re1 Bxc5 18. bxc5 Ne4 19. Ne5 Nxe5 20. Bxe4 Rc8 21. a4
Rxc5 22. axb5 Ng6 23. Bxg6 hxg6 24. Qa4 Bxb5 25. Qxa7 Rxc1 26. Rxc1 Bxe2 27.
Rc7 Bf3 28. Bd2 Qf6 29. Qc5 Qe6 30. g4 Qe2 31. Qxd4 Qd1+ 32. Kh2 g5 33. Rc1 Qb3
34. Bxg5 Ba8 35. Qd7 Qb8+ 36. Rc7 Bd5 37. Bf4 Be6 38. Qd4 Qd8 39. Qxd8 Rxd8 40.
Kg3 Rd3+ 41. Be3 Rb3 42. Rc5 Ra3 43. Re5 Ra6 44. Bd2 f6 45. Re3 Rb6 46. f4 Rb3
47. Bc3 Kf7 48. f5 Bc4 49. h4 Rb1 50. g5 fxg5 51. hxg5 Rg1+ 52. Kf4 Rf1+ 53.
Ke4 Bb5 54. g6+ Kg8 55. Ke5 Rf2 56. Bd4 Re2 57. Rxe2 1/2-1/2

[Event "37. Copenhagen Open (Politiken Cup)"]
[Site "Elsinore"]
[Date "2015.07.30"]
[Round "7"]
[White "Tarjan, James Edward"]
[Black "Fossan, Petter"]
[Result "1-0"]
[WhiteElo "2490"]
[BlackElo "2308"]
[PlyCount "69"]
[EventDate "2015.07.25"]
[EventType "swiss"]
[EventRounds "10"]
[EventCountry "DEN"]
[Source "ChessBase"]
[SourceDate "2015.09.14"]

1. c4 e5 2. Nc3 Nc6 3. g3 g6 4. Bg2 Bg7 5. e4 d6 6. Nge2 Be6 7. d3 Qd7 8. Be3
Nd4 9. h3 Ne7 10. Nd5 Nxe2 11. Qxe2 O-O 12. Nxe7+ Qxe7 13. O-O c6 14. Rad1 c5
15. Qd2 a5 16. b3 Qd7 17. Kh2 b6 18. a4 Ra7 19. Bh6 f5 20. Bxg7 Qxg7 21. f4 Kh8
22. exf5 Bxf5 23. fxe5 dxe5 24. Qe3 Re7 25. Bd5 Rfe8 26. Rde1 Bc8 27. Rf2 Bb7
28. Ref1 Bxd5 29. cxd5 Rd7 30. Rf6 e4 31. d6 Red8 32. Qxe4 Rxd6 33. Rxd6 Qb2+
34. Kh1 Rxd6 35. Qa8+ 1-0

[Event "37. Copenhagen Open (Politiken Cup)"]
[Site "Elsinore"]
[Date "2015.07.30"]
[Round "7"]
[White "Tenold, Andreas"]
[Black "Fjellengen, Bard"]
[Result "1-0"]
[WhiteElo "1423"]
[BlackElo "1749"]
[PlyCount "47"]
[EventDate "2015.07.25"]
[EventType "swiss"]
[EventRounds "10"]
[EventCountry "DEN"]
[Source "ChessBase"]
[SourceDate "2015.09.14"]

1. e4 e6 2. d4 c6 3. Nf3 h6 4. Bd3 d6 5. Be3 Nd7 6. Bf4 Ngf6 7. O-O Qb6 8. Nbd2
Qc7 9. e5 dxe5 10. Nxe5 Qd8 11. Ndc4 Nb6 12. Nxf7 Kxf7 13. Ne5+ Kg8 14. Bg6 Bd6
15. Nf7 Qd7 16. Nxd6 Nbd5 17. Bg3 Ne7 18. Bf7+ Kf8 19. Re1 Qd8 20. Bxe6 Bxe6
21. Rxe6 Qd7 22. Qe2 Ng6 23. Re1 Kg8 24. Qd3 1-0

[Event "37. Copenhagen Open (Politiken Cup)"]
[Site "Elsinore"]
[Date "2015.07.30"]
[Round "7"]
[White "Thaler, Toni"]
[Black "Vehl, Tina"]
[Result "1-0"]
[WhiteElo "2025"]
[BlackElo "1851"]
[PlyCount "73"]
[EventDate "2015.07.25"]
[EventType "swiss"]
[EventRounds "10"]
[EventCountry "DEN"]
[Source "ChessBase"]
[SourceDate "2015.09.14"]

1. d4 d5 2. Nf3 Nf6 3. Bf4 e6 4. e3 c5 5. c3 Nc6 6. Nbd2 Be7 7. h3 c4 8. b3 b5
9. a4 b4 10. bxc4 bxc3 11. Nb3 a5 12. c5 Ba6 13. Bxa6 Rxa6 14. Qd3 Nb4 15. Qb5+
Nd7 16. O-O f6 17. Rfc1 O-O 18. Rxc3 Nb8 19. Bxb8 Qxb8 20. Nxa5 Qa8 21. Qxb4
Rxa5 22. Rb3 Ra7 23. Nd2 Rc8 24. Nb1 Bd8 25. Nc3 Ba5 26. Qa3 Qc6 27. Nb5 Ra6
28. Nd6 Rca8 29. Qb2 Bc7 30. Nb5 Bb8 31. g3 Rxa4 32. Rxa4 Rxa4 33. Nc3 Bc7 34.
Nxa4 Qxa4 35. Kg2 Qc6 36. Rb7 Qd7 37. Qb6 1-0

[Event "37. Copenhagen Open (Politiken Cup)"]
[Site "Elsinore"]
[Date "2015.07.30"]
[Round "7"]
[White "Thybo, Jan"]
[Black "Jacobsen, Caroline Beer"]
[Result "1-0"]
[WhiteElo "1352"]
[BlackElo "1666"]
[PlyCount "65"]
[EventDate "2015.07.25"]
[EventType "swiss"]
[EventRounds "10"]
[EventCountry "DEN"]
[Source "ChessBase"]
[SourceDate "2015.09.14"]

1. e4 e5 2. f4 d5 3. Nf3 dxe4 4. Nxe5 Nd7 5. Bc4 Nxe5 6. fxe5 Qd4 7. Qe2 Qxe5
8. d4 Qxd4 9. Nc3 Bb4 10. Be3 Bxc3+ 11. Kf2 Qf6+ 12. Kg1 Be6 13. Rf1 Qg6 14.
Bxe6 Qxe6 15. bxc3 a6 16. Bd4 Nf6 17. g3 O-O-O 18. Kg2 Rd5 19. Rf4 Re8 20. Rhf1
Red8 21. Rd1 Rf5 22. Bxf6 gxf6 23. Rxd8+ Kxd8 24. Rxe4 Re5 25. Qd3+ Qd6 26. Rd4
Qxd4 27. Qxd4+ Ke7 28. Qb4+ Kd8 29. Qf8+ Re8 30. Qxf7 Re2+ 31. Kh3 Rxc2 32.
Qxf6+ Kd7 33. Qf5+ 1-0

[Event "37. Copenhagen Open (Politiken Cup)"]
[Site "Elsinore"]
[Date "2015.07.30"]
[Round "7"]
[White "Thybo, Jesper Sondergaard"]
[Black "Hansson, Fredrik"]
[Result "1-0"]
[WhiteElo "2255"]
[BlackElo "2036"]
[PlyCount "79"]
[EventDate "2015.07.25"]
[EventType "swiss"]
[EventRounds "10"]
[EventCountry "DEN"]
[Source "ChessBase"]
[SourceDate "2015.09.14"]

1. c4 c5 2. Nf3 Nc6 3. Nc3 g6 4. e3 Bg7 5. d4 d6 6. Be2 Nf6 7. d5 Ne5 8. Nxe5
dxe5 9. e4 O-O 10. Be3 b6 11. a3 a5 12. Rb1 a4 13. g4 Bd7 14. h4 Qc8 15. f3 h6
16. Bd3 Ne8 17. h5 g5 18. b4 axb3 19. Rxb3 Ra6 20. Qb1 Qc7 21. Rh2 Nd6 22. Rhb2
Rb8 23. a4 Nc8 24. Ra2 Rba8 25. Rba3 Nd6 26. Ne2 Bf6 27. Qa1 Nb7 28. Bd2 Qd8
29. Nc1 Qc7 30. Nb3 Qb8 31. a5 bxa5 32. Nxa5 Qc7 33. Nxb7 Rxa3 34. Rxa3 Rxa3
35. Qxa3 Qxb7 36. Qxc5 Qb3 37. Ke2 Ba4 38. Qg1 Qa2 39. Qb1 Qa3 40. Bb4 1-0

[Event "37. Copenhagen Open (Politiken Cup)"]
[Site "Elsinore"]
[Date "2015.07.30"]
[Round "7"]
[White "Timman, Jan H"]
[Black "Ragger, Markus"]
[Result "0-1"]
[WhiteElo "2566"]
[BlackElo "2688"]
[PlyCount "120"]
[EventDate "2015.07.25"]
[EventType "swiss"]
[EventRounds "10"]
[EventCountry "DEN"]
[Source "ChessBase"]
[SourceDate "2015.09.14"]

1. c4 c5 2. Nf3 Nc6 3. Nc3 Nf6 4. d4 cxd4 5. Nxd4 e6 6. Ndb5 d5 7. Bf4 e5 8.
cxd5 exf4 9. dxc6 bxc6 10. Qxd8+ Kxd8 11. Nd4 Bd7 12. g3 Rb8 13. O-O-O Kc7 14.
gxf4 Ng4 15. Ne4 Re8 16. f3 Ne3 17. Rd3 Nd5 18. Nb5+ cxb5 19. Rxd5 Bc6 20. Rd2
f5 21. Ng3 g6 22. e4 Bh6 23. Rc2 Kb6 24. Bg2 Bxf4+ 25. Kb1 fxe4 26. Nxe4 Re5
27. Rd1 Rd5 28. Rxd5 Bxd5 29. Bf1 Rd8 30. Re2 Bf7 31. Nc3 b4 32. Re4 Bd6 33.
Na4+ Kc7 34. Bc4 Be8 35. Bb3 Bb5 36. Re1 Rf8 37. Rc1+ Kb8 38. Rd1 Rf6 39. a3
Be2 40. Re1 Bxf3 41. axb4 Bxb4 42. Re8+ Kb7 43. Rh8 Be4+ 44. Ka2 g5 45. Rg8 Rg6
46. Rd8 Bc6 47. Rh8 Rg7 48. Nc3 Rd7 49. Be6 Bxc3 50. bxc3 Rd2+ 51. Ka3 Rxh2 52.
Rg8 h6 53. Kb4 Kb6 54. c4 a5+ 55. Kc3 Kc5 56. Rc8 Kd6 57. Bg4 Rh4 58. c5+ Kxc5
59. Bf3 Rc4+ 60. Kd3 Rd4+ 0-1

[Event "37. Copenhagen Open (Politiken Cup)"]
[Site "Elsinore"]
[Date "2015.07.30"]
[Round "7"]
[White "Torkilseng, Runar"]
[Black "Yilmaz, Kazim"]
[Result "1-0"]
[WhiteElo "1792"]
[BlackElo "1612"]
[PlyCount "61"]
[EventDate "2015.07.25"]
[EventType "swiss"]
[EventRounds "10"]
[EventCountry "DEN"]
[Source "ChessBase"]
[SourceDate "2015.09.14"]

1. d4 Nf6 2. c4 g6 3. Nc3 Bg7 4. e4 d6 5. f3 O-O 6. Be3 c5 7. dxc5 dxc5 8. Qxd8
Rxd8 9. Bxc5 Nc6 10. Nd5 Nxd5 11. cxd5 Bxb2 12. Rb1 Bc3+ 13. Kf2 Bd4+ 14. Bxd4
Nxd4 15. Bc4 e6 16. Ne2 Nxe2 17. Kxe2 exd5 18. Bxd5 Be6 19. Bxe6 fxe6 20. Rxb7
Rdb8 21. Rhb1 Rxb7 22. Rxb7 a5 23. a4 h6 24. h4 g5 25. hxg5 hxg5 26. Rb5 Kf7
27. Rxg5 Rg8 28. Rxg8 Kxg8 29. Ke3 e5 30. f4 exf4+ 31. Kxf4 1-0

[Event "37. Copenhagen Open (Politiken Cup)"]
[Site "Elsinore"]
[Date "2015.07.30"]
[Round "7"]
[White "Tryggestad, Andreas Garberg"]
[Black "Karlsson, Ulf"]
[Result "1/2-1/2"]
[WhiteElo "2204"]
[BlackElo "2041"]
[PlyCount "83"]
[EventDate "2015.07.25"]
[EventType "swiss"]
[EventRounds "10"]
[EventCountry "DEN"]
[Source "ChessBase"]
[SourceDate "2015.09.14"]

1. e4 c5 2. c3 Qa5 3. Nf3 Nc6 4. Be2 Nf6 5. Qc2 d6 6. O-O Bg4 7. d3 g6 8. Be3
Bg7 9. Nbd2 O-O 10. h3 Bd7 11. d4 cxd4 12. Nxd4 Nxd4 13. Bxd4 Qc7 14. f4 e5 15.
Be3 d5 16. fxe5 Nxe4 17. Nxe4 dxe4 18. Qxe4 Bc6 19. Qc2 Qxe5 20. Bf4 Qc5+ 21.
Kh1 Rfe8 22. Bf3 Bxf3 23. Rxf3 Rad8 24. Raf1 Qc4 25. R3f2 Qxa2 26. Bg5 Rd7 27.
Bf6 Bxf6 28. Rxf6 Qc4 29. Qf2 a6 30. Rf4 Re4 31. Rxe4 Qxe4 32. Re1 Qc6 33. Qf4
Kg7 34. Rf1 Qd6 35. Qg5 h6 36. Qe3 Re7 37. Qf2 Qe5 38. Qb6 f5 39. Rd1 f4 40.
Qd6 Qxd6 41. Rxd6 Kf7 42. Rb6 1/2-1/2

[Event "37. Copenhagen Open (Politiken Cup)"]
[Site "Elsinore"]
[Date "2015.07.30"]
[Round "7"]
[White "Undheim, Bjarne"]
[Black "Petersen, Jan"]
[Result "1-0"]
[WhiteElo "1899"]
[BlackElo "1699"]
[PlyCount "65"]
[EventDate "2015.07.25"]
[EventType "swiss"]
[EventRounds "10"]
[EventCountry "DEN"]
[Source "ChessBase"]
[SourceDate "2015.09.14"]

1. e4 e6 2. d4 d5 3. Nd2 dxe4 4. Nxe4 Nd7 5. Nf3 Ngf6 6. Bd3 Nxe4 7. Bxe4 Nf6
8. Bd3 Be7 9. O-O O-O 10. c3 h6 11. Qc2 b6 12. Bf4 Bb7 13. Ne5 c5 14. dxc5 Bxc5
15. Rad1 Qe7 16. Nc4 Rfd8 17. b4 Nh5 18. Be5 Qg5 19. Bg3 Nxg3 20. hxg3 Qxg3 21.
Bh7+ Kf8 22. Be4 Bxf2+ 23. Rxf2 Bxe4 24. Rxd8+ Rxd8 25. Qxe4 Qxc3 26. Ne5 Qc1+
27. Rf1 Rd1 28. Qa8+ Ke7 29. Qxa7+ Kd6 30. Nxf7+ Kd5 31. Qd7+ Ke4 32. Qxd1 Qe3+
33. Kh1 1-0

[Event "37. Copenhagen Open (Politiken Cup)"]
[Site "Elsinore"]
[Date "2015.07.30"]
[Round "7"]
[White "Veng, Johny"]
[Black "Heinis, Vincent"]
[Result "1-0"]
[WhiteElo "2294"]
[BlackElo "2094"]
[PlyCount "67"]
[EventDate "2015.07.25"]
[EventType "swiss"]
[EventRounds "10"]
[EventCountry "DEN"]
[Source "ChessBase"]
[SourceDate "2015.09.14"]

1. d4 e6 2. c4 Nf6 3. Nc3 Bb4 4. Qc2 O-O 5. Nf3 d6 6. Bd2 c5 7. a3 Bxc3 8. Bxc3
cxd4 9. Nxd4 e5 10. Nf3 Qc7 11. e4 Nbd7 12. Be2 b5 13. cxb5 Bb7 14. Nd2 d5 15.
exd5 Bxd5 16. O-O Qb7 17. f3 Rac8 18. a4 Rfe8 19. Bd3 Nc5 20. Bf5 Ne6 21. Bxe6
Rxe6 22. Rae1 Nh5 23. Qf5 g6 24. Qg5 f6 25. Qe3 Qe7 26. g3 Re8 27. Ne4 Bc4 28.
Rf2 f5 29. Qc5 Bd3 30. Qxe7 R6xe7 31. Nd6 Rd8 32. Rxe5 Kf8 33. Rxe7 Kxe7 34.
Rd2 1-0

[Event "37. Copenhagen Open (Politiken Cup)"]
[Site "Elsinore"]
[Date "2015.07.30"]
[Round "7"]
[White "Vestjord, Harald Christian"]
[Black "Nielsen, Leo"]
[Result "1/2-1/2"]
[WhiteElo "1473"]
[BlackElo "1775"]
[PlyCount "141"]
[EventDate "2015.07.25"]
[EventType "swiss"]
[EventRounds "10"]
[EventCountry "DEN"]
[Source "ChessBase"]
[SourceDate "2015.09.14"]

1. d4 g6 2. c4 c6 3. Nc3 Bg7 4. Bf4 Nf6 5. h3 d6 6. e4 Nh5 7. Be3 e5 8. Nf3 Nd7
9. g4 Nhf6 10. dxe5 dxe5 11. Qd2 Qa5 12. a3 Bf8 13. Rc1 h5 14. g5 Nh7 15. h4
Bc5 16. Bxc5 Qxc5 17. b4 Qe7 18. Rd1 O-O 19. Qb2 Nb6 20. c5 Bg4 21. Be2 Nd7 22.
Nd2 Bxe2 23. Kxe2 b6 24. cxb6 Nxb6 25. Nb3 f6 26. gxf6 Qxf6 27. Rdf1 Qf3+ 28.
Ke1 Nc4 29. Qc1 Rf4 30. Nd2 Qd3 31. Nxc4 Qxc4 32. f3 Rd8 33. Ne2 Qxc1+ 34. Nxc1
Rf6 35. Ke2 Kf7 36. Nd3 Re6 37. Rd1 Kf6 38. Nc5 Red6 39. Rxd6+ Rxd6 40. Rd1
Rxd1 41. Kxd1 g5 42. hxg5+ Nxg5 43. Ke2 h4 44. Nd7+ Ke6 45. Nc5+ Kd6 46. Kf2 h3
47. Kg3 h2 48. Kxh2 Nxf3+ 49. Kg3 Nd4 50. Nd3 Nb5 51. Kg4 Nxa3 52. Kf5 Nc4 53.
Kf6 Nd2 54. Kf5 Nf3 55. Kg4 Nd4 56. Kg5 Ne2 57. Kf5 Ng3+ 58. Kf6 Nxe4+ 59. Kf5
Ng3+ 60. Kg4 Ne2 61. Kf5 Nd4+ 62. Ke4 Nc2 63. Nxe5 Nxb4 64. Nf3 c5 65. Ke3 Kc6
66. Kd2 a5 67. Kc3 Kb5 68. Nd2 Nd5+ 69. Kb3 a4+ 70. Ka3 c4 71. Nxc4 1/2-1/2

[Event "37. Copenhagen Open (Politiken Cup)"]
[Site "Elsinore"]
[Date "2015.07.30"]
[Round "7"]
[White "Walton, Alan J"]
[Black "Thomsen, Kim"]
[Result "1-0"]
[WhiteElo "2173"]
[BlackElo "1997"]
[PlyCount "57"]
[EventDate "2015.07.25"]
[EventType "swiss"]
[EventRounds "10"]
[EventCountry "DEN"]
[Source "ChessBase"]
[SourceDate "2015.09.14"]

1. d4 Nf6 2. Bg5 d5 3. Bxf6 exf6 4. e3 c6 5. g3 Qb6 6. b3 a5 7. a4 Bf5 8. Bd3
Be6 9. Ne2 Na6 10. Nf4 Nb4 11. Nxe6 Nxd3+ 12. Qxd3 fxe6 13. O-O Rd8 14. Nd2 Be7
15. c3 O-O 16. e4 e5 17. Rae1 exd4 18. exd5 Bc5 19. dxc6 dxc3 20. Qc4+ Kh8 21.
Ne4 Bb4 22. Nxc3 Rd4 23. Qb5 Qa7 24. cxb7 Bxc3 25. Re8 Rd8 26. Rxf8+ Rxf8 27.
Rc1 h6 28. Rxc3 Qb8 29. Qc6 1-0